00765nam a22002057a 45000050016000000100014000160200026000300350013000560370013000690820017000821000029000992450085001282600035002132700041002483000030002895000050003199420031003699990017004009520142004172010080700140.0 aENG-98933 a9788186307199c325.00 aEN-84265 bDBAD/PUB a338.90095451 aHazarika, Profulla98897 aEconomic development and ecological balance in Assam :bproblems and prospects / aGuwahatibDVS Publishersc2009 aH.B.Road, PanbazarbGuwahatie780001 avi,138p.c22cm (Hb)bill. aIncludes bibliographical references and index 2ddccENh338.90095451mHAZ c40192d40192 001040718NFICaDBADbDBADd2010-08-07eDBAD/PUBg325.00l0o338.90095451 HAZpEN-82465r2010-08-07 00:00:00t1v325.00w2010-08-07yEN